| 000 | 00731nam a2200217Ia 4500 | ||
|---|---|---|---|
| 001 | 9380 | ||
| 003 | GE_BSU | ||
| 008 | 181216s||||||||xx |||||||||||||| ||und|| | ||
| 040 | _cGE_BSU | ||
| 080 | _a821.353.1–32 | ||
| 100 | _aმამფორია,ოთარ | ||
| 245 | _aმეტეხის ჩრდილში:კომედია 3 მოქმედებად | ||
| 245 | _cრედ.ნ.გურაბანიძე,მხატვ.თ.სამსონაძე | ||
| 260 | _aთბილისი | ||
| 260 | _bხელოვნება | ||
| 260 | _c1969 | ||
| 300 | _a86გვ.16სმ. | ||
| 653 | _aკომედია | ||
| 653 | _aმეტეხის ჩრდილში | ||
| 942 | _cBK | ||
| 999 |
_c42676 _d42676 |
||